000 nam a22 7a 4500
999 _c329233
_d329233
003 Nust
005 20170427160652.0
008 170427b xxu||||| |||| 00| 0 eng d
040 _cDLC
082 _a891.421 MUH
100 _aمیاں محمد بخش
245 _aسیف الملوک
260 _aLahore :
_bSang e meel Publisher,
300 _a476p. :
942 _2ddc
_cBK